Sports Quiz

Random Sports or Letter Quiz

Super Bowl winners with no repeating vowels Quiz Stats

 Plays Quiz not verified by Sporcle

Challenge
Share
Tweet
Embed
Score 0/16 Timer 04:00
0 Plays Today
Super Bowl Winner % Correct
New England Patriots (5)
95.4%
New York Giants (4)
93.8%
Green Bay Packers (4)
93.5%
New York Jets (1)
91.5%
Miami Dolphins (2)
90.6%
San Francisco 49ers (5)
90.3%
Chicago Bears (1)
89.9%
Saint Louis Rams (1)
88.8%
Super Bowl Winner % Correct
Indianapolis Colts (1)
88.2%
Baltimore Colts (1)
88.1%
Oakland Raiders (2)
87.2%
Los Angeles Raiders (1)
87.1%
Baltimore Ravens (2)
85.9%
Washington Redskins (3)
85%
New Orleans Saints (1)
84.4%
Kansas City Chiefs (1)
81.6%

You're not logged in!

Compare scores with friends on all Sporcle quizzes.
Join for Free
OR
Log In

Show Comments

Extras

Top Quizzes Today


Score Distribution

Your Account Isn't Verified!

In order to create a playlist on Sporcle, you need to verify the email address you used during registration. Go to your Sporcle Settings to finish the process.

Report this User

Report this user for behavior that violates our Community Guidelines.

Details: